000
00344nam a22001577a 4500
003
SGT
020
_a
973-6-7020-4762-6
082
_a
616.024, O14B
100
_a
BERSTEN, ANDREW
245
_a
OH'S INTENSIVE CARE MANUAL
250
_a
7TH
260
_a
INDIA
_b
BUTTERWORTH
_c
2014
300
_a
1242
650
_a
MEDICINE
942
_2
ddc
_c
BK
999
_c
9052
_d
9052